| 000 | 00343nam a2200133Ia 4500 | ||
|---|---|---|---|
| 008 | 220204s9999 xx 000 0 und d | ||
| 082 |
_a581.2:632 _bSCO |
||
| 100 | _aBrainbridge, A | ||
| 245 | 0 | _aPlant disease epidemiology | |
| 260 |
_aOxford _bBlackwell _c1978 |
||
| 650 | _aPlant disease epidemiology | ||
| 700 | _aScott, P R | ||
| 942 | _cBK | ||
| 999 |
_c36448 _d36448 |
||